000 00289nam a2200121Ia 4500
008 190723s9999 xx 000 0 und d
020 _a978-969-407-409-2
100 _aNazir Ahmad
245 0 _aUnderstanding Islam
260 _aKarachi
_bRoyal Book
_c2012
300 _a352
942 _cBK
999 _c1249
_d1249